Normal view
MARC view
- جامعات-الأردن-ببليوجرافيات الجامعة الأردنية
Entry Topical Term
001 - CONTROL NUMBER
- control field: 3694
003 - CONTROL NUMBER IDENTIFIER
- control field: JO-AjAnu
005 - DATE AND TIME OF LATEST TRANSACTION
- control field: 20230606070916.0
008 - FIXED-LENGTH DATA ELEMENTS
- fixed length control field: 230606|| aca||aabn | a|a d
040 ## - CATALOGING SOURCE
- Original cataloging agency: JO-AjAnu
- Transcribing agency: JO-AjAnu
150 ## - HEADING--TOPICAL TERM
- Topical term or geographic name entry element: جامعات-الأردن-ببليوجرافيات الجامعة الأردنية
670 ## - SOURCE DATA FOUND
- Source citation: Work cat.: (JO-AjAnu)1926: البخيت،محمد عدنان تقديم/زاهدة،عزت زاهدة .... وآخرون إعداد وتكشيف, author 3693, ج2، الإنتاج العلمي للعاملين في الجامعة الأردنية 1988-2011م باللغة الانجليزية